| 000 | 00000nam##2200000za#4500 |
| 001 | 9.627427 |
| 003 | CaOODSP |
| 005 | 20210615105135 |
| 007 | ta |
| 008 | 150406|2007||||xxc||||| f|0| 0 fre|d |
| 020 | |a978-0-662-73780-3 |
| 040 | |aCaOODSP|bfre |
| 043 | |an-cn--- |
| 086 | 1 |aFs22-4/40-2007F |
| 110 | 1 |aCanada. |bMinistère des pêches et des océans. |
| 245 | 13|aLa fouille-roche gris : |bune espèce en péril en Ontario |
| 260 | |bPêches et Océans Canada |cc2007. |
| 300 | |a[2]p. : |bill. en couleur, carte en couleur ; |c22 cm. |
| 490 | 1 |aLes espèces aquatiques en péril |
| 500 | |aLe n° de catalogue (Fs22-4/40-2007F-PDF) et ISBN (978-0662-09072-4) pour l'édition PDF ont été incorrectement copiés dans cette édition imprimée. |
| 563 | |aPolycopié |
| 590 | |a09-42|b2009-10-16 |
| 775 | 08|tThe Channel Darter : |w(CaOODSP)9.618217 |
| 776 | 0#|tLe fouille-roche gris : |w(CaOODSP)9.594455 |
| 830 | #0|aLes espèces aquatiques en péril.|w(CaOODSP)9.513578 |
| 986 | |aDFO/2007-1220 |